000 00777nam a2200205 i 4500
001 148922
003 ES-MaACL
005 20230906202855.0
007 t|
008 070214s1964 sp r ||||1| spa d
080 _a631.4(460.184)
245 0 4 _aLos suelos de la provincia de Zamora /
_cInstituto de Edafología y Biología Vegetal.
260 _aSalamanca :
_bInstituto de Orientación y Asistencia Técnica del Oeste,
_c1964.
300 _a89 p., 4 lám. :
_bil. ;
_c22 cm.
594 _aPrecede al tít.: Diputación Provincial de Zamora.
650 4 _aSuelos-
_zZamora (Provincia)
_9176364
710 2 _aInstituto de Edafología y Biología Vegetal.
_94868
710 2 _aInstituto de Orientación y Asistencia Técnica del Oeste.
_94990
852 4 _aES-MaACL
_jC-26258
999 _c148922
_d148922